| 000 | 01131nam a22002057a 4500 | ||
|---|---|---|---|
| 005 | 20241028151724.0 | ||
| 008 | 240708b ||||| |||| 00| 0 eng d | ||
| 040 | _cSSBUL | ||
| 041 | _aMyanmar | ||
| 082 |
_223 _a၂၉၄.၃၇၅ စန် _b၁၃၁၇၈ S-SAT |
||
| 100 | 0 |
_aစန္ဒဇောတိ၊ ဉုး။ _946606 |
|
| 245 | 1 | 0 |
_aမင်္ဂလာ့အမြုတေ _bဝိုင်-အမ်-ဘီ-အေ မင်္ဂလာတရားတော်စာမေးပွဲများအတွက်ပဋ္ဌာန်းသည် / _cဉုးစန္ဒဇောတိ။ |
| 260 |
_aရန်ကုန် ၊ _bအုန်းပင်ပုံနှိပ်တိုက်၊ _c၁၉၇၀။ |
||
| 300 |
_aဍ၊ ၄၂၁ စာ ၊ _c၁၈ စင်တီ။ |
||
| 500 | _aS-SAT: Dr. Sai Aung Tun | ||
| 650 |
_aမင်္ဂလာ။ _946607 |
||
| 650 |
_aဗုဒ္ဓဘာသာ _xလေ့လာခြင်းနှင့်သင်ကြားခြင်း။ _946608 |
||
| 650 |
_aဗုဒ္ဓဘာသာ _xစာမေးပွဲ _955091 |
||
| 942 |
_2ddc _cBK1 |
||
| 999 |
_c40990 _d40990 |
||